Alle Schweizer Ortschaften die mit -wil, -wilen oder -wiler enden - Statistiken

Allgemein
  • Dieses Quiz wurde 32 mal gespielt
    5 seit der letzten Aktualisierung
  • Das Durchschnittsergebnis liegt bei 69 aus 193
Antwortstatistiken
Antwort % Korrekt
Allschwil
100%
Flawil
100%
Giswil
100%
Oberwil
100%
Oberwil (bei Büren)
100%
Oberwil-Lieli
100%
Raperswilen
100%
Rapperswil
100%
Rapperswil-Jona
100%
Thalwil
100%
Uzwil
100%
Wilen bei Herdern
100%
Wilen (bei Wil)
100%
Wilen (Gottshaus)
100%
Wilen (Sarnen)
100%
Wil (Ruswil)
100%
Wil (SG)
100%
Wil (ZH)
100%
Zuzwil (BE)
100%
Zuzwil (SG)
100%
Abtwil (AG)
67%
Abtwil (SG)
67%
Adligenswil
67%
Amriswil
67%
Andwil
67%
Anwil
67%
Attiswil
67%
Bäretswil
67%
Beinwil
67%
Beinwil am See
67%
Beinwil (Freiamt)
67%
Bennwil
67%
Bettwil
67%
Busswil (bei Melchnau)
67%
Busswil (TG)
67%
Buttwil
67%
Ettiswil
67%
Häggenschwil
67%
Hauptwil-Gottshaus
67%
Hinwil
67%
Hundwil
67%
Huttwil
67%
Inwil
67%
Kesswil
67%
Lengwil
67%
Märwil
67%
Mörschwil
67%
Niederhelfenschwil
67%
Niederwil
67%
Niederwil (bei Gossau)
67%
Niederwil (ZH)
67%
Nottwil
67%
Oberuzwil
67%
Oetwil (an der Limmat)
67%
Oetwil (Oetwil am See)
67%
Richterswil
67%
Rupperswil
67%
Ruswil
67%
Schönholzerswilen
67%
Therwil
67%
Uttwil
67%
Volketswil
67%
Wädenswil
67%
Wädenswil (Tanne bei Wädeswil)
67%
Wanneschwil (Beinwil (Freiamt))
67%
Wattwil
67%
Wilderswil
67%
Wiler (Bärschwil)
67%
Wiler (Lötschen)
67%
Adliswil
33%
Auswil
33%
Ballwil
33%
Bannwil
33%
Bärschwil
33%
Boswil
33%
Bowil
33%
Brienzwiler
33%
Bütschwil
33%
Dietwil
33%
Dozwil
33%
Eggenwil
33%
Eriswil
33%
Erschwil
33%
Etzwilen
33%
Ganterschwil
33%
Geroldswil
33%
Gontenschwil
33%
Hallwil
33%
Herbetswil
33%
Hergiswil
33%
Hergiswil (bei Willisau)
33%
Hermetschwil-Staffeln
33%
Jonschwil
33%
Lauwil
33%
Leutwil
33%
Lommiswil
33%
Lotzwil
33%
Mägenwil
33%
Mümliswil-Ramiswil
33%
Münchwilen
33%
Oberhelfenschwil
33%
Roggwil
33%
Roggwil (TG)
33%
Römerswil
33%
Rottenschwil
33%
Rüeterswil
33%
Safenwil
33%
Uezwil
33%
Walchwil
33%
Waltenschwil
33%
Walterswil
33%
Wauwil
33%
Wölflinswil
33%
Zetzwil
33%
Ziswil
33%
Zuchwil
33%
Zullwil
33%
Adiswil
0%
Alberswil
0%
Alterswilen
0%
Arboldswil
0%
Azenwilen
0%
Balterswil (TG)
0%
Bättwil
0%
Beggelschwilen
0%
Benzenschwil
0%
Bickwil
0%
Biezwil
0%
Boniswil
0%
Bottenwil
0%
Bretzwil
0%
Buch bei Happerswil
0%
Büexwil
0%
Buhwil
0%
Dallenwil
0%
Dättwil
0%
Eggiwil
0%
Egliswil
0%
Engwilen
0%
Euggerschwil
0%
Freienwil
0%
Freudwil
0%
Fruthwilen
0%
Gähwil
0%
Geltwil
0%
Gondiswil
0%
Grossdietwil
0%
Gsteigwiler
0%
Gunterswilen
0%
Gunzwil
0%
Happerswil
0%
Heimiswil
0%
Hemmerswil
0%
Hermiswil
0%
Hettenschwil
0%
Hettiswil (bei Hindelbank)
0%
Hüttwilen
0%
Huzenwil
0%
Iffwil
0%
Inkwil
0%
Kägiswil
0%
Kleindietwil
0%
Kriechenwil
0%
Krümmenschwil
0%
Landiswil
0%
Liedertswil
0%
Lippoldswilen
0%
Littiwil
0%
Madiswil
0%
Mattwil
0%
Mettenwil
0%
Nassenwil
0%
Neschwil
0%
Reigoldswil
0%
Reisiswil
0%
Ritzis-Buhwil
0%
Roggliswil
0%
Rüderswil
0%
Sigriswil
0%
Sonterswil
0%
Tägerwilen
0%
Walliswil (bei Wangen)
0%
Wattenwil
0%
Weerswilen
0%
Wematswil
0%
Wettiswil (am Albis)
0%
Wittenwil
0%
Witterswil
0%
Witwil
0%
Wohlenschwil
0%
Wolfwil
0%
Zäziwil
0%
Keine übereinstimmenden Quizze gefunden
Verteilung der Resultate
Anzahl Personen mit jedem Resultat
Perzentil nach korrekt beantworteten Fragen
Ihre Resultats-Entwicklung
Sie haben dieses Quiz seit der letzten Aktualisierung nicht gespielt